[Event "Porto San Giorgio op 23rd"]
[Site "Porto San Giorgio"]
[Date "2011.08.27"]
[Round "8"]
[White "Carletti, Davide M"]
[Black "Morello, Guido"]
[Result "0-1"]
[WhiteElo "1726"]
[BlackElo "1942"]
[PlyCount "82"]
[EventDate "2011.08.21"]
[EventType "swiss"]
[EventRounds "9"]
[EventCountry "ITA"]
[SourceTitle "CBM 144 Extra"]
[Source "ChessBase"]
[SourceDate "2011.10.28"]
[SourceVersion "1"]
[SourceVersionDate "2011.10.28"]
[SourceQuality "1"]

1. e4 c5 2. Nf3 Nc6 3. d4 cxd4 4. Nxd4 e5 5. Nb5 d6 6. N1c3 a6 7. Na3 b5 8. Nd5 Nge7 9. Bg5 f6 10. Be3 Nxd5 11. Qxd5 Qd7 12. Be2 Bb7 13. Qd1 Qf7 14. 0-0 Be7 15. f4 0-0 16. f5 Na5 17. Bh5 g6 18. Qg4 Kg7 19. Rf3 Bxe4 20. Rg3 d5 21. Qh4 Bxf5 22. Bh6+ Kh8 23. Bxf8 Rxf8 24. Rf1 Be4 25. Bf3 f5 26. Qh6 Bxf3 27. Rgxf3 b4 28. Nb1 e4 29. R3f2 Bc5 30. Qf4 Qf6 31. Qc7 Bxf2+ 32. Rxf2 e3 33. Rf1 Nc6 34. Re1 f4 35. c3 f3 36. Rxe3 fxg2 37. Kxg2 Qf2+ 38. Kh3 Qxe3+ 39. Kg4 h5+ 40. Kh4 Rf4+ 41. Kg5 Rf7+ 0-1

[Event "Porto San Giorgio op 23rd"]
[Site "Porto San Giorgio"]
[Date "2011.08.24"]
[Round "5"]
[White "Briffault, Philippe"]
[Black "Carletti, Davide M"]
[Result "1/2-1/2"]
[WhiteElo "1955"]
[BlackElo "1726"]
[PlyCount "67"]
[EventDate "2011.08.21"]
[EventType "swiss"]
[EventRounds "9"]
[EventCountry "ITA"]
[SourceTitle "CBM 144 Extra"]
[Source "ChessBase"]
[SourceDate "2011.10.28"]
[SourceVersion "1"]
[SourceVersionDate "2011.10.28"]
[SourceQuality "1"]

1. d4 d5 2. Nf3 c6 3. c4 e6 4. Nc3 Nd7 5. e3 Ngf6 6. Bd3 g6 7. 0-0 Bg7 8. e4 dxe4 9. Nxe4 Nxe4 10. Bxe4 0-0 11. Bg5 Nf6 12. Re1 Qb6 13. Qd2 Rd8 14. Rad1 c5 15. dxc5 Rxd2 16. cxb6 Rxd1 17. Rxd1 h6 18. Rd8+ Kh7 19. Bxf6 Bxf6 20. Re8 axb6 21. h4 Kg7 22. b3 Rb8 23. Kf1 Ra8 24. a4 Bc3 25. Ke2 f5 26. Bc2 Bf6 27. g3 Kf7 28. Rxc8 Rxc8 29. Ne1 e5 30. Nd3 Ke6 31. Nb4 e4 32. Nd5 Bd4 33. Nf4+ Kf6 34. Nd5+ 1/2-1/2

[Event "Porto San Giorgio op 23rd"]
[Site "Porto San Giorgio"]
[Date "2011.08.23"]
[Round "3"]
[White "Perogio, Lorenzo"]
[Black "Carletti, Davide M"]
[Result "0-1"]
[WhiteElo "1883"]
[BlackElo "1726"]
[PlyCount "88"]
[EventDate "2011.08.21"]
[EventType "swiss"]
[EventRounds "9"]
[EventCountry "ITA"]
[SourceTitle "CBM 144 Extra"]
[Source "ChessBase"]
[SourceDate "2011.10.28"]
[SourceVersion "1"]
[SourceVersionDate "2011.10.28"]
[SourceQuality "1"]

1. f4 d5 2. Nf3 e6 3. d3 Ne7 4. g3 g6 5. Bg2 h5 6. Nh4 Nf5 7. Nxf5 exf5 8. h4 Be6 9. Nd2 Nd7 10. Nf3 Nf6 11. Ne5 Ng4 12. Nxg4 hxg4 13. 0-0 Be7 14. Qe1 c6 15. Be3 d4 16. Bf2 Qd7 17. e4 0-0-0 18. a3 Rde8 19. b4 fxe4 20. Bxe4 f5 21. Bg2 Bd5 22. Qd2 Bxg2 23. Kxg2 Qd5+ 24. Kg1 Ref8 25. Rfe1 Bf6 26. Re2 g5 27. Rae1 gxf4 28. gxf4 Bxh4 29. Bxh4 Rxh4 30. Rh2 Rfh8 31. Rxh4 Rxh4 32. Qg2 Qd6 33. Re5 g3 34. Rxf5 Rxf4 35. Rxf4 Qxf4 36. Qh3+ Kc7 37. Qf1 Qxf1+ 38. Kxf1 Kb6 39. Kg2 c5 40. Kxg3 cxb4 41. axb4 Kb5 42. Kf4 Kxb4 43. Ke5 Kc3 44. Kd5 a5 0-1

[Event "Ceriano Laghetto op-B 20th"]
[Site "Ceriano Laghetto"]
[Date "2011.04.04"]
[Round "5"]
[White "Regorda, Massimiliano"]
[Black "Carletti, Davide M"]
[Result "1-0"]
[WhiteElo "1881"]
[BlackElo "1723"]
[PlyCount "73"]
[EventDate "2011.04.01"]
[EventType "swiss"]
[EventRounds "5"]
[EventCountry "ITA"]
[SourceTitle "EXT 2023"]
[Source "ChessBase"]
[SourceDate "2022.10.05"]
[SourceVersion "1"]
[SourceVersionDate "2022.10.05"]
[SourceQuality "1"]

1. e4 e5 2. Nf3 Nc6 3. d4 exd4 4. Bc4 Bc5 5. Ng5 Nh6 6. Nxf7 Nxf7 7. Bxf7+ Kxf7 8. Qh5+ g6 9. Qxc5 Re8 10. Qd5+ Re6 11. 0-0 Kg7 12. f4 Qf6 13. f5 Re5 14. fxg6 Qxf1+ 15. Kxf1 Rxd5 16. exd5 Nb4 17. Na3 hxg6 18. d6 c6 19. Bd2 Nd5 20. Re1 b6 21. c3 dxc3 22. bxc3 b5 23. Nc2 Ba6 24. Nb4 Bc8 25. Nxd5 cxd5 26. Re7+ Kf6 27. h4 Kf5 28. Kf2 Ba6 29. Kf3 g5 30. Bxg5 Rc8 31. g4+ Kg6 32. Bd2 Bb7 33. h5+ Kf6 34. Kf4 Rc4+ 35. Kg3 d4 36. cxd4 b4 37. Kh4 1-0

[Event "Ceriano Laghetto op-B 20th"]
[Site "Ceriano Laghetto"]
[Date "2011.04.02"]
[Round "3"]
[White "Colombo, Luca"]
[Black "Carletti, Davide M"]
[Result "1-0"]
[WhiteElo "1855"]
[BlackElo "1723"]
[PlyCount "155"]
[EventDate "2011.04.01"]
[EventType "swiss"]
[EventRounds "5"]
[EventCountry "ITA"]
[SourceTitle "EXT 2023"]
[Source "ChessBase"]
[SourceDate "2022.10.05"]
[SourceVersion "1"]
[SourceVersionDate "2022.10.05"]
[SourceQuality "1"]

1. e4 e5 2. Nf3 Nc6 3. Bb5 a6 4. Bxc6 dxc6 5. 0-0 Bd6 6. d4 Bg4 7. dxe5 Bxf3 8. Qxf3 Bxe5 9. Rd1 Qf6 10. Qxf6 Bxf6 11. c3 Be7 12. Be3 Nf6 13. f3 0-0 14. Nd2 Rfd8 15. Nb3 b6 16. Nd4 Bc5 17. Kf2 Bxd4 18. cxd4 Ne8 19. Rac1 Rd6 20. Bf4 Rf6 21. Bg3 Re6 22. d5 cxd5 23. Rxd5 c6 24. Rd2 h6 25. Rcd1 Nf6 26. Bf4 Re7 27. Rd6 Rc8 28. Be3 b5 29. Ke2 Kh7 30. Rc1 Re6 31. Rxe6 fxe6 32. Rd1 Ne8 33. Rd7 Nf6 34. Rd6 e5 35. Re6 Nd7 36. Re7 Rd8 37. Re6 Rc8 38. b4 Kg8 39. Re7 Rd8 40. Bc1 Kf8 41. Re6 Rc8 42. Bb2 Kf7 43. Rd6 Ke7 44. Rd2 Nb6 45. Rd1 Nc4 46. Bc3 Rd8 47. Rxd8 Kxd8 48. f4 Ke7 49. fxe5 Ke6 50. Kd3 Nxe5+ 51. Kd4 Kd6 52. Ke3 Nc4+ 53. Kf4 g5+ 54. Kf5 Ne3+ 55. Kf6 Ng4+ 56. Kg6 Nxh2 57. Kxh6 g4 58. Kg5 g3 59. Kf5 Nf1 60. Kf6 Ne3 61. Be5+ Kd7 62. Bxg3 Ke8 63. Ke6 Nxg2 64. Kd6 Ne3 65. Kxc6 Nc2 66. Bd6 Na3 67. e5 Nc4 68. Kb7 a5 69. bxa5 Nxa5+ 70. Ka6 Nc6 71. Kxb5 Na7+ 72. Kb6 Nc8+ 73. Kc7 Ne7 74. Bxe7 Kxe7 75. a4 Ke6 76. a5 Kxe5 77. a6 Kd5 78. a7 1-0

[Event "Modena Province-ch 11"]
[Site "Modena"]
[Date "2010.12.11"]
[Round "4"]
[White "Filieri, Emily"]
[Black "Carletti, Davide M"]
[Result "0-1"]
[WhiteElo "1356"]
[BlackElo "1685"]
[PlyCount "72"]
[EventDate "2010.12.10"]
[EventType "swiss"]
[EventRounds "5"]
[EventCountry "ITA"]
[SourceTitle "EXT 2024"]
[Source "ChessBase"]
[SourceDate "2023.10.10"]
[SourceVersion "1"]
[SourceVersionDate "2023.10.10"]
[SourceQuality "1"]

1. e4 e5 2. Nf3 Nc6 3. Nc3 Nf6 4. Bc4 Bc5 5. d3 h6 6. 0-0 0-0 7. Qe2 d6 8. h3 Be6 9. Bxe6 fxe6 10. Be3 Bb6 11. d4 exd4 12. Bxd4 Nxd4 13. Qd3 Nxf3+ 14. Qxf3 Qe7 15. Rad1 e5 16. Qf5 Rae8 17. Qg6 Qf7 18. Qg3 a6 19. Rd3 Bd4 20. Qh4 Qh5 21. Qxh5 Nxh5 22. g4 Nf4 23. Nd5 Nxd3 24. cxd3 c6 25. Nc7 Re7 26. Nxa6 bxa6 27. Kg2 Ref7 28. f3 d5 29. exd5 cxd5 30. b4 e4 31. dxe4 dxe4 32. Kg3 Rxf3+ 33. Rxf3 exf3 34. Kh4 f2 35. Kh5 Kh7 36. h4 g6# 0-1